| 000 | 00382nam a2200145Ia 4500 | ||
|---|---|---|---|
| 008 | 191201s2002 xx 000 0 und d | ||
| 082 |
_a006.33 _bHAM |
||
| 100 | _aHAYES, Jeremiah F | ||
| 245 | 0 | _aModeling and Analysis of Computer Communications Networks | |
| 250 | _a2nd | ||
| 260 |
_aN.Delhi _bKhanna Publisher _c2002 |
||
| 300 | _a399 | ||
| 650 | _aB.Tech(CSE) | ||
| 942 |
_2ddc _cBK |
||
| 999 |
_c1580 _d1580 |
||